000 00302nam a2200145Ia 4500
100 _aHajra Choudhury/S.K
942 _cBK
654 _aProduction Management
245 _aProduction Management
260 _bMPP
_c1998
082 _a658.5
_bHAJ
300 _a525
546 _aENGLISH
999 _c21486
_d21486